[Event "O Pohár mìsta Øíèany 2015 - OPEN A"]
[Site "Øíèany"]
[Date "2015.08.24"]
[Round "4.28"]
[White "Picek, Miroslav"]
[Black "Zlamana, Anna"]
[Result "0-1"]
[WhiteElo "1966"]
[BlackElo "1692"]
[PlyCount "0"]
[EventDate "2015.08.22"]

1. Nf3 d5 2. g3 Nc6 3. d3 e5 4. Bg2 Nf6 5. O-O Be6 6. Nbd2 Qd7 7. Ng5 Bg4 8. h3
h6 9. hxg4 hxg5 10. e4 d4 11. f3 O-O-O 12. a4 g6 13. Nc4 Nh7 14. Bd2 f5 15. gxf5
gxf5 16. Bh3 g4 17. fxg4 fxe4 18. dxe4 Be7 19. Kg2 Nf6 20. Qf3 Rdg8 21. Qf5 Qxf5
22. gxf5 Nxe4 23. g4 Bg5 24. Be1 Bf4 25. Bd2 Bxd2 26. Nxd2 Nxd2 27. Rg1 Ne4
28. Ra3 Ng5 29. Kh2 e4 30. Rgg3 Ne5 31. a5 Nef3+ 0-1

[Event "O Pohár mìsta Øíèany 2015 - OPEN A"]
[Site "Øíèany"]
[Date "2015.08.24"]
[Round "4.29"]
[White "Sedivy, Ondrej"]
[Black "Franek, Jan"]
[Result "0-1"]
[WhiteElo "1791"]
[BlackElo "1914"]
[PlyCount "0"]
[EventDate "2015.08.22"]

1. c4 e6 2. Nc3 d5 3. cxd5 exd5 4. d4 f5 5. Nf3 c6 6. Bf4 Nf6 7. e3 Be7 8. Bd3
O-O 9. O-O Ne4 10. h3 Nd7 11. Rb1 Ndf6 12. Nd2 Bb4 13. Ndxe4 fxe4 14. Be2 Bd6
15. Bxd6 Qxd6 16. b4 Kh8 17. b5 g5 18. bxc6 bxc6 19. f4 exf3 20. Bxf3 Bxh3
21. e4 dxe4 22. Nxe4 Nxe4 23. Bxe4 Rxf1+ 24. Kxf1 Qf4+ 25. Qf3 Rf8 26. Ke2 Bg4
0-1

[Event "O Pohár mìsta Øíèany 2015 - OPEN A"]
[Site "Øíèany"]
[Date "2015.08.24"]
[Round "4.30"]
[White "Chromovsky, Hynek"]
[Black "Tejkal, Jiri"]
[Result "0-1"]
[WhiteElo "1768"]
[BlackElo "1909"]
[PlyCount "0"]
[EventDate "2015.08.22"]

1. c4 Nf6 2. Nc3 c6 3. d4 d5 4. cxd5 cxd5 5. Bf4 a6 6. Nf3 Nc6 7. e3 e6 8. Be2
Be7 9. O-O O-O 10. Ne5 Nxe5 11. Bxe5 b5 12. Bd3 Bb7 13. Ne2 Rc8 14. f4 Ne4
15. f5 f6 16. Bf4 exf5 17. Ng3 g6 18. Bh6 Rf7 19. Rxf5 gxf5 20. Nxf5 Kh8 21. Qh5
Qg8 22. Nh4 f5 23. Bf4 Bxh4 24. Qxh4 Qg6 25. g3 Qg4 26. Be5+ Kg8 27. Qxg4+ fxg4
28. Be2 h5 29. Bd3 Rfc7 30. Rb1 Nd2 0-1

[Event "O Pohár mìsta Øíèany 2015 - OPEN A"]
[Site "Øíèany"]
[Date "2015.08.24"]
[Round "4.31"]
[White "Nemcova, Kamila"]
[Black "Martinec, Karel"]
[Result "0-1"]
[WhiteElo "1731"]
[BlackElo "1897"]
[PlyCount "0"]
[EventDate "2015.08.22"]

1. e4 d6 2. d4 Nf6 3. Nc3 g6 4. Bc4 Bg7 5. Bb3 O-O 6. Nge2 c6 7. Bg5 b5 8. a3
Qc7 9. O-O e5 10. d5 Bb7 11. Qd3 a6 12. dxc6 Bxc6 13. Rad1 Ne8 14. Bd5 Ra7
15. Rd2 Nd7 16. Bxc6 Qxc6 17. Be7 Nc5 18. Qd5 Qxd5 19. Nxd5 Nxe4 20. Rdd1 f5
21. Bxf8 Kxf8 22. f3 Nc5 23. g4 Kf7 24. h4 Ke6 25. Rfe1 Kd7 26. Rc1 Nf6
27. Nxf6+ Bxf6 28. g5 Bg7 29. Red1 h6 30. c4 Ne6 31. c5 Nd4 32. Nxd4 exd4
33. cxd6 Kxd6 34. Kf2 hxg5 35. hxg5 Be5 36. Rc8 Rh7 37. Ra8 Rh2+ 38. Kg1 Rxb2
39. Rxa6+ Kc5 40. Rxg6 Rb3 41. Ra6 Rxf3 42. g6 d3 43. Kg2 Rg3+ 44. Kf2 f4
45. Ke1 Bc3+ 46. Kf2 Bd4+ 47. Ke1 Rg1+ 48. Kd2 Be3+ 49. Kxd3 Rxd1+ 50. Kc2 Rg1
0-1

[Event "O Pohár mìsta Øíèany 2015 - OPEN A"]
[Site "Øíèany"]
[Date "2015.08.24"]
[Round "4.32"]
[White "Vorisek, Jakub"]
[Black "Parizek, Vojtech"]
[Result "0-1"]
[WhiteElo "1692"]
[BlackElo "1886"]
[PlyCount "0"]
[EventDate "2015.08.22"]

1. e4 c5 2. Nf3 e6 3. d4 cxd4 4. Nxd4 a6 5. c4 d6 6. Nc3 Nf6 7. Be3 Be7 8. Be2
O-O 9. O-O Qc7 10. b3 b5 11. a3 Bb7 12. Rc1 bxc4 13. Bxc4 Nc6 14. Nd5 Qd8
15. Nxc6 Bxc6 16. Nxf6+ Bxf6 17. Bxe6 Bb5 18. Bc4 Re8 19. Qd5 Qd7 20. Rfd1 Rad8
21. Bxb5 axb5 22. Rc6 Re5 0-1

[Event "O Pohár mìsta Øíèany 2015 - OPEN A"]
[Site "Øíèany"]
[Date "2015.08.24"]
[Round "4.33"]
[White "Tvrdy, Jindrich"]
[Black "Kunc, Jan"]
[Result "0-1"]
[WhiteElo "1885"]
[BlackElo "1685"]
[PlyCount "0"]
[EventDate "2015.08.22"]

1. e4 c5 2. Nf3 d6 3. g3 Nc6 4. Bg2 Nf6 5. d3 e6 6. O-O Be7 7. c3 d5 8. e5 Nd7
9. Qe2 b5 10. Re1 Qb6 11. b3 a5 12. Bb2 Ba6 13. a4 bxa4 14. bxa4 Rb8 15. Ra2 Qb3
16. Ba1 Bxd3 17. Qb2 Qxb2 18. Rxb2 Rxb2 19. Bxb2 Nb6 20. Nbd2 Nxa4 21. Ba1 O-O
22. Rc1 Rb8 23. Ne1 Bg6 24. c4 Nb6 25. f4 Nb4 26. cxd5 exd5 27. Nb3 Nc4 28. Bc3
Na2 0-1

[Event "O Pohár mìsta Øíèany 2015 - OPEN A"]
[Site "Øíèany"]
[Date "2015.08.24"]
[Round "4.34"]
[White "Palla, Ivan"]
[Black "Rastocny, Josef"]
[Result "0-1"]
[WhiteElo "1556"]
[BlackElo "1860"]
[PlyCount "0"]
[EventDate "2015.08.22"]

1. Nf3 Nf6 2. d4 e6 3. g3 b6 4. Bg2 Bb7 5. O-O Be7 6. a4 d6 7. Nc3 Nbd7 8. b3
O-O 9. Bb2 Ne4 10. Nd2 Nxc3 11. Bxc3 Bxg2 12. Kxg2 Nf6 13. e4 Qc8 14. Qf3 c5
15. e5 Nd7 16. Ne4 dxe5 17. dxe5 Qb8 18. Rfd1 Nxe5 19. Qe2 Nc6 20. Kf1 e5 21. f3
Nd4 22. Qf2 Qb7 23. Nd2 Rad8 24. Rac1 f5 25. Re1 Bf6 26. Kg1 Rfe8 27. Qg2 Bg5
28. Bxd4 cxd4 29. Red1 Be3+ 30. Kf1 e4 31. fxe4 fxe4 32. Ke2 Qe7 33. Rf1 Bxd2
34. Kxd2 d3 35. Rce1 e3+ 0-1

[Event "O Pohár mìsta Øíèany 2015 - OPEN A"]
[Site "Øíèany"]
[Date "2015.08.24"]
[Round "4.35"]
[White "Havelka, Petr"]
[Black "Vlkova, Anezka"]
[Result "1/2-1/2"]
[WhiteElo "1817"]
[BlackElo "1564"]
[PlyCount "0"]
[EventDate "2015.08.22"]

1. d4 d5 2. c4 e6 3. Nc3 Nf6 4. Nf3 b6 5. Bg5 Be7 6. e3 Nbd7 7. Rc1 Bb7 8. Be2
O-O 9. O-O e5 10. a3 Ne4 11. Bxe7 Qxe7 12. dxe5 Nxc3 13. Rxc3 Nxe5 14. cxd5 Bxd5
15. Qc1 1/2-1/2

[Event "O Pohár mìsta Øíèany 2015 - OPEN A"]
[Site "Øíèany"]
[Date "2015.08.24"]
[Round "4.36"]
[White "Otruba, Marek"]
[Black "Kolasin, Jan"]
[Result "0-1"]
[WhiteElo "1629"]
[BlackElo "2001"]
[PlyCount "0"]
[EventDate "2015.08.22"]

1. d4 Nf6 2. Bf4 c5 3. e3 Nc6 4. Nf3 g6 5. h3 Bg7 6. c3 d5 7. Bb5 O-O 8. O-O
Qb6 9. Bxc6 bxc6 10. Qb3 Ba6 11. Re1 Nd7 12. Nbd2 f6 13. dxc5 Nxc5 14. Qxb6 axb6
15. Bc7 Na4 16. b3 Rfc8 17. bxa4 Rxc7 18. Rab1 Rb7 19. Nd4 c5 20. Ne6 Bd3
21. Rb2 Raa7 22. Nd8 Rd7 23. Nc6 Rxa4 24. Rxb6 Rxa2 25. Rb8+ Kf7 26. Nd8+ Rxd8
27. Rxd8 Rxd2 28. Rxd5 c4 29. Ra1 f5 30. Ra7 Bxc3 31. Rc7 Bf6 32. Rxc4 Rd1+
33. Kh2 Be5+ 34. f4 Bxc4 35. Rxd1 Bd6 36. g3 Be2 37. Re1 Bf3 38. Kg1 g5 39. Kf2
g4 40. h4 Ke6 41. Rb1 Kd5 42. Rb5+ Ke4 43. Rb1 Kd3 44. Rc1 Bb7 45. Rd1+ Kc2
46. Rd4 Ba6 47. Ra4 Bd3 48. Ra5 Kd2 49. Rd5 Bc7 50. Rc5 Bb6 51. Re5 Be4 52. Rxe7
Bxe3+ 53. Kf1 Bd3+ 54. Kg2 Ke2 55. Rd7 Be4+ 56. Kh2 Bf3 57. Re7 Kf2 58. h5 Bxf4
59. gxf4 g3+ 60. Kh3 g2 0-1

[Event "O Pohár mìsta Øíèany 2015 - OPEN A"]
[Site "Øíèany"]
[Date "2015.08.24"]
[Round "4.37"]
[White "Koper, Stefan"]
[Black "Skvaril, Michal"]
[Result "1-0"]
[WhiteElo "1991"]
[BlackElo "1785"]
[PlyCount "0"]
[EventDate "2015.08.22"]

1. d4 d5 2. c4 e6 3. cxd5 exd5 4. Nc3 Nf6 5. Bg5 Be7 6. e3 h6 7. Bh4 Bf5
8. Bxf6 Bxf6 9. Qb3 b6 10. Qxd5 Qxd5 11. Nxd5 Bd8 12. Nc3 O-O 13. Be2 Bd7
14. Bf3 Bc6 15. h4 Bxf3 16. Nxf3 Nd7 17. g4 g6 18. g5 h5 19. Ne5 Nxe5 20. dxe5
c6 21. f4 Re8 22. Ne4 Be7 23. Ke2 Rad8 24. Rac1 c5 25. Rcd1 Kf8 {špatný zápis}
1-0

[Event "O Pohár mìsta Øíèany 2015 - OPEN A"]
[Site "Øíèany"]
[Date "2015.08.24"]
[Round "4.38"]
[White "Korsa, Jiri"]
[Black "Hlavacek, Ondrej"]
[Result "1-0"]
[WhiteElo "1844"]
[BlackElo "1668"]
[PlyCount "0"]
[EventDate "2015.08.22"]

1. e4 c5 2. Nc3 e6 3. d3 Nc6 4. g4 d5 5. Bg2 d4 6. Nce2 Nf6 7. Ng3 Bd6 8. h3
Bxg3 9. fxg3 Qc7 10. Bf4 e5 11. Bd2 Be6 12. Nf3 h5 13. g5 Nd7 14. g6 O-O-O
15. Ng5 Rdf8 16. Nxe6 fxe6 17. Bf3 h4 18. gxh4 Rxh4 19. Bg4 Qd6 20. Bg5 Rhh8
21. h4 Nf6 22. Qe2 Ng8 23. O-O-O Nh6 24. Rdf1 Nd8 25. Bh3 Kc7 26. Rxf8 Rxf8
27. Bxh6 gxh6 28. g7 Rg8 29. Rg1 Qe7 30. Qg4 Qf6 31. Kb1 Qe7 32. Qg6 h5 33. Rg5
b6 34. Bf1 Qf7 35. Qxf7+ Nxf7 36. Rg2 Kd6 37. Be2 Ke7 38. Bxh5 Nd8 39. Kc1 Kf6
40. Rg6+ Ke7 41. Kd1 b5 42. Ke2 Kf7 43. Kf3 Rxg7 44. Rxg7+ Kxg7 45. Kg4 Kh6
46. Be8 b4 47. Bd7 a6 48. Bc8 a5 49. Bd7 Kg7 50. h5 Kh6 51. Be8 Nb7 52. Bd7 Nd8
53. Kh4 Kg7 54. Kg5 Nf7+ 55. Kg4 Nd8 56. Be8 Kh6 57. Bb5 Nf7 58. Bd7 Nd8 59. Be8
Nb7 60. Bg6 Nd8 61. Kf3 Nc6 62. Ke2 Ne7 63. Bf7 Nc6 64. Kd2 Na7 65. Kc1 Nc6
66. Kb1 Ne7 67. a3 Nc6 68. Be8 Ne7 69. Ka2 Ng8 70. Kb3 Nf6 71. Bg6 Nxh5 72. Bxh5
Kxh5 73. axb4 cxb4 74. Ka4 Kg4 75. Kxa5 Kf3 76. Kxb4 Ke2 77. Kc4 1-0

[Event "O Pohár mìsta Øíèany 2015 - OPEN A"]
[Site "Øíèany"]
[Date "2015.08.24"]
[Round "4.39"]
[White "Sadil, Jan"]
[Black "Halla, Jiri"]
[Result "0-1"]
[WhiteElo "1734"]
[BlackElo "1839"]
[PlyCount "0"]
[EventDate "2015.08.22"]

1. d4 Nf6 2. Nf3 g6 3. c4 Bg7 4. Nc3 O-O 5. e4 d6 6. Be2 e5 7. d5 a5 8. O-O Na6
9. a3 Nc5 10. Qc2 a4 11. Be3 Nb3 12. Rab1 Bd7 13. Nd2 Nd4 14. Bxd4 exd4 15. Nb5
Bxb5 16. cxb5 Nd7 17. Rfc1 Nc5 18. b4 axb3 19. Nxb3 b6 20. Nxc5 dxc5 21. Qd3 f5
22. exf5 Rxf5 23. Bf3 Qd6 24. Re1 Re5 25. Rxe5 Qxe5 26. d6 Rd8 27. dxc7 Qxc7
28. Bc6 Rf8 29. Re1 Qf4 30. f3 Bh6 31. a4 Kg7 32. Re7+ Rf7 33. Qe4 Qe3+ 0-1

[Event "O Pohár mìsta Øíèany 2015 - OPEN A"]
[Site "Øíèany"]
[Date "2015.08.24"]
[Round "4.40"]
[White "Chajda, Patrik"]
[Black "Novotny, Petr"]
[Result "1/2-1/2"]
[WhiteElo "1647"]
[BlackElo "1826"]
[PlyCount "0"]
[EventDate "2015.08.22"]

1. e4 e5 2. Nf3 d6 3. d4 Bg4 4. dxe5 Bxf3 5. Qxf3 dxe5 6. Nc3 Nf6 7. Bg5 Be7
8. Bc4 c6 9. O-O Nbd7 10. Rad1 Qc7 11. Ne2 O-O 12. Ng3 Nc5 13. Nf5 Rad8 14. Nh6+
gxh6 15. Bxf6 Bxf6 16. Qxf6 Nxe4 17. Qxh6 Rxd1 18. Rxd1 Rd8 19. Rxd8+ Qxd8
20. Bd3 Qg5 21. Qxg5+ Nxg5 22. Bf5 f6 23. f3 Kg7 24. Kf2 Nf7 25. Ke3 Nd6 26. Bd3
c5 27. b3 h5 28. h4 f5 29. g3 Kf6 30. c3 b5 31. a4 bxa4 32. bxa4 a5 33. Be2 Ke6
34. Bd3 Kf6 1/2-1/2

[Event "O Pohár mìsta Øíèany 2015 - OPEN A"]
[Site "Øíèany"]
[Date "2015.08.24"]
[Round "4.41"]
[White "Pivonka, Michael"]
[Black "Hrbek, Stepan"]
[Result "0-1"]
[WhiteElo "1800"]
[BlackElo "1683"]
[PlyCount "0"]
[EventDate "2015.08.22"]

1. d4 d5 2. Nf3 c6 3. c4 Nf6 4. e3 Bf5 5. Nc3 e6 6. a3 Nbd7 7. b4 Be7 8. Bb2
O-O 9. Rc1 Rc8 10. cxd5 cxd5 11. Be2 Nb6 12. Nd2 a6 13. O-O Rc7 14. Qb3 Qb8
15. b5 Ng4 16. Bxg4 Bxg4 17. Na4 Nxa4 18. Rxc7 Qxc7 19. Qxa4 axb5 20. Qxb5 Rc8
21. h3 Bf5 22. Rc1 Qxc1+ 23. Bxc1 Rxc1+ 24. Kh2 Bd6+ 25. g3 Rc2 26. Qa5 h6
27. a4 Bf8 28. Kg2 b6 29. Qxb6 Rxd2 30. a5 Be4+ 31. Kf1 Bf3 32. Qb3 Rd1+
33. Qxd1 Bxd1 34. a6 Ba4 0-1

[Event "O Pohár mìsta Øíèany 2015 - OPEN A"]
[Site "Øíèany"]
[Date "2015.08.24"]
[Round "4.42"]
[White "Barton, Milan"]
[Black "Macho, Miloslav"]
[Result "1/2-1/2"]
[WhiteElo "1750"]
[BlackElo "1922"]
[PlyCount "0"]
[EventDate "2015.08.22"]

1. e4 e5 2. Nf3 Nc6 3. Bc4 Nf6 4. d3 d5 5. exd5 Nxd5 6. Ng5 f6 7. Ne4 Nb6
8. Bb3 Nd4 9. Be3 Nxb3 10. axb3 Bf5 11. Nbc3 Bb4 12. O-O O-O 13. Qf3 Bd7 14. Qh5
Qe8 15. Qe2 Bc6 16. Bc5 Bxc5 {dale necitelne} 1/2-1/2

[Event "O Pohár mìsta Øíèany 2015 - OPEN A"]
[Site "Øíèany"]
[Date "2015.08.26"]
[Round "6.1"]
[White "Vesselovsky, Serguei"]
[Black "Plat, Vojtech"]
[Result "1/2-1/2"]
[WhiteElo "2348"]
[BlackElo "2458"]
[PlyCount "0"]
[EventDate "2015.08.22"]

1. e4 {[%clk 1:30:56]} e5 {[%clk 1:30:44]} 2. Nf3 {[%clk 1:30:38]} Nc6
{[%clk 1:31:08]} 3. Nc3 {[%clk 1:29:21]} Bc5 {[%clk 1:30:23]} 4. Nxe5
{[%clk 1:28:30]} Bxf2+ {[%clk 1:28:28]} 5. Kxf2 {[%clk 1:28:47]} Nxe5
{[%clk 1:28:56]} 6. d4 {[%clk 1:26:34]} Ng6 {[%clk 1:29:22]} 7. Be2
{[%clk 1:17:17]} d6 {[%clk 1:29:31]} 8. Rf1 {[%clk 1:16:17]} N8e7
{[%clk 1:29:49]} 9. Kg1 {[%clk 1:15:19]} O-O {[%clk 1:30:13]} 10. Bd3
{[%clk 1:01:47]} c5 {[%clk 1:25:26]} 11. Be3 {[%clk 0:54:39]} cxd4
{[%clk 1:24:47]} 12. Bxd4 {[%clk 0:55:02]} Ne5 {[%clk 1:23:22]} 13. h3
{[%clk 0:42:27]} Be6 {[%clk 1:23:00]} 14. Ne2 {[%clk 0:37:42]} N7g6
{[%clk 1:16:01]} 15. b3 {[%clk 0:32:34]} Qg5 {[%clk 1:05:50]} 16. Qc1
{[%clk 0:30:58]} Qxc1 {[%clk 1:05:46]} 17. Raxc1 {[%clk 0:31:11]} Rfc8
{[%clk 1:06:11]} 18. Bb2 {[%clk 0:30:01]} a5 {[%clk 1:03:30]} 19. Bb5
{[%clk 0:27:00]} Bd7 {[%clk 1:03:37]} 20. Bxd7 {[%clk 0:22:44]} Nxd7
{[%clk 1:04:02]} 21. a4 {[%clk 0:22:43]} Re8 {[%clk 1:01:15]} 22. Ng3
{[%clk 0:20:16]} Ra6 {[%clk 0:57:40]} 1/2-1/2

[Event "O Pohár mìsta Øíèany 2015 - OPEN A"]
[Site "Øíèany"]
[Date "2015.08.26"]
[Round "6.2"]
[White "Hadzala, Daniel"]
[Black "Vojta, Tomas"]
[Result "0-1"]
[WhiteElo "2045"]
[BlackElo "2387"]
[PlyCount "0"]
[EventDate "2015.08.22"]

1. Nf3 Nc6 2. d4 d5 3. c4 Bg4 4. cxd5 Bxf3 5. gxf3 Qxd5 6. e3 e5 7. Nc3 Bb4 8.
Bd2 Bxc3 9. bxc3 Qd6 10. Rb1 b6 11. Bg2 Nge7 12. f4 {[%clk 0:27:28]} exf4
{[%clk 0:51:50]} 13. e4 Rd8 14. Qg4 Ng6 15. O-O O-O 16. Rb5 Qe6 17. Rg5 Qxg4 18.
Rxg4 Nce5 19. Rg5 {[%clk 0:27:28]} c5 {[%clk 0:51:50]} 20. d5 {[%clk 0:17:57]}
Rfe8 {[%clk 0:47:42]} 21. f3 {[%clk 0:16:15]} Nd3 {[%clk 0:41:18]} 22. Rb1
{[%clk 0:13:32]} Nge5 {[%clk 0:39:37]} 23. Rf5 {[%clk 0:12:00]} g6
{[%clk 0:37:28]} 24. Rxf4 {[%clk 0:11:08]} Nxf4 {[%clk 0:36:46]} 25. Bxf4
{[%clk 0:10:22]} f6 {[%clk 0:35:55]} 26. Bg3 {[%clk 0:10:20]} g5 {[%clk 0:35:47]}
27. Kf2 {[%clk 0:10:05]} Nd3+ {[%clk 0:33:15]} 28. Ke3 {[%clk 0:10:16]} Rxd5
{[%clk 0:32:17]} 29. Bh3 {[%clk 0:08:54]} Rdd8 {[%clk 0:29:43]} 30. Bc7
{[%clk 0:08:02]} Nf4 {[%clk 0:27:17]} 31. Bxd8 {[%clk 0:08:13]} Rxd8
{[%clk 0:27:46]} 32. Bf1 {[%clk 0:08:25]} Kg7 {[%clk 0:25:36]} 33. a4
{[%clk 0:08:33]} Kg6 {[%clk 0:24:44]} 34. a5 {[%clk 0:08:23]} Rd6
{[%clk 0:25:01]} 35. Bc4 {[%clk 0:08:09]} Kh5 {[%clk 0:23:34]} 36. Bd5
{[%clk 0:05:19]} Kh4 {[%clk 0:20:13]} 37. Bc4 {[%clk 0:03:34]} Ng2+
{[%clk 0:19:30]} 38. Ke2 {[%clk 0:02:56]} Kh3 {[%clk 0:19:24]} 39. axb6
{[%clk 0:02:49]} Rxb6 {[%clk 0:18:16]} 40. Rxb6 {[%clk 0:01:17]} axb6
{[%clk 0:18:44]} 0-1

[Event "O Pohár mìsta Øíèany 2015 - OPEN A"]
[Site "Øíèany"]
[Date "2015.08.26"]
[Round "6.3"]
[White "Mejzlik, Ondrej"]
[Black "Moravec, Vit"]
[Result "1-0"]
[WhiteElo "2312"]
[BlackElo "2209"]
[PlyCount "0"]
[EventDate "2015.08.22"]

1. c4 {[%clk 1:30:57]} Nf6 {[%clk 1:30:52]} 2. Nc3 {[%clk 1:31:20]} c5
{[%clk 1:31:17]} 3. g3 {[%clk 1:31:45]} g6 {[%clk 1:31:41]} 4. Bg2
{[%clk 1:32:10]} Bg7 {[%clk 1:32:01]} 5. e4 {[%clk 1:31:07]} d6 {[%clk 1:31:38]}
6. Nge2 {[%clk 1:31:30]} O-O {[%clk 1:32:01]} 7. O-O {[%clk 1:31:53]} Nc6
{[%clk 1:32:25]} 8. f4 {[%clk 1:27:01]} a6 {[%clk 1:31:53]} 9. d3
{[%clk 1:25:34]} Rb8 {[%clk 1:32:12]} 10. h3 {[%clk 1:25:23]} Bd7
{[%clk 1:32:30]} 11. Be3 {[%clk 1:25:27]} b5 {[%clk 1:31:13]} 12. Qd2
{[%clk 1:24:08]} Ne8 {[%clk 1:27:01]} 13. g4 {[%clk 1:20:38]} Nd4
{[%clk 1:12:11]} 14. Ng3 {[%clk 1:13:25]} Nc7 {[%clk 1:04:59]} 15. Rae1
{[%clk 1:08:03]} b4 {[%clk 1:00:52]} 16. Nce2 {[%clk 1:07:06]} b3
{[%clk 1:01:12]} 17. Nxd4 {[%clk 1:06:10]} cxd4 {[%clk 1:01:27]} 18. Bf2
{[%clk 1:06:32]} bxa2 {[%clk 1:01:43]} 19. b4 {[%clk 1:04:41]} Qc8
{[%clk 0:52:26]} 20. Ra1 {[%clk 1:03:36]} h5 {[%clk 0:52:39]} 21. gxh5
{[%clk 1:03:22]} Bxh3 {[%clk 0:52:54]} 22. f5 {[%clk 1:03:19]} Bxg2
{[%clk 0:47:24]} 23. Kxg2 {[%clk 1:03:30]} gxf5 {[%clk 0:47:27]} 24. Nxf5
{[%clk 1:03:08]} Kh7 {[%clk 0:42:14]} 25. Rg1 {[%clk 0:59:33]} Qe6
{[%clk 0:40:30]} 26. Kf3 {[%clk 0:42:47]} Bh6 {[%clk 0:36:51]} 27. Qxa2
{[%clk 0:37:09]} Qe5 {[%clk 0:24:27]} 28. Bg3 {[%clk 0:27:39]} Qf6
{[%clk 0:24:56]} 29. Bh4 {[%clk 0:26:54]} Qe5 {[%clk 0:25:16]} 30. Rg4
{[%clk 0:19:12]} Rg8 {[%clk 0:16:22]} 31. Rag1 {[%clk 0:17:41]} Rxg4
{[%clk 0:14:50]} 32. Rxg4 {[%clk 0:18:07]} Rxb4 {[%clk 0:06:49]} 33. Nxh6
{[%clk 0:17:41]} Qxh5 {[%clk 0:06:19]} 34. Nf5 {[%clk 0:17:34]} e6
{[%clk 0:06:05]} 35. Ng3 {[%clk 0:17:53]} Qe5 {[%clk 0:03:24]} 36. Qh2
{[%clk 0:18:08]} 1-0

[Event "O Pohár mìsta Øíèany 2015 - OPEN A"]
[Site "Øíèany"]
[Date "2015.08.26"]
[Round "6.4"]
[White "Svatos, Jan"]
[Black "Starek, Stanislav"]
[Result "1-0"]
[WhiteElo "2285"]
[BlackElo "2165"]
[PlyCount "0"]
[EventDate "2015.08.22"]

1. d4 Nf6 2. Nf3 e6 3. Bf4 d5 4. e3 c5 5. c3 Nc6 6. Nbd2 Nh5 7. Bg5 Nf6 8. Ne5
Be7 9. f4 h6 10. Bh4 g5 11. fxg5 hxg5 12. Bxg5 Nh5 13. Bxe7 Qxe7 14. Qg4 Nxe5
15. dxe5 Bd7 16. Nf3 O-O-O 17. Qh4 Qf8 18. g4 Nf4 19. Qf6 Ng6 20. Bd3 Qh6 21. g5
Qh3 22. O-O-O Nh4 23. Nxh4 Qxe3+ 24. Kb1 Rxh4 25. g6 Rf4 26. Qg5 Ba4 27. b3 c4
28. Bxc4 fxg6 29. bxa4 Qe4+ 30. Bd3 Qxa4 31. Bc2 Qb5+ 32. Ka1 Rf2 33. Rd2 Rdf8
34. Rxf2 Rxf2 35. Qxg6 Qc6 36. Qd3 d4 37. Rd1 b5 38. Qxd4 Rxc2 39. Qd8+ 1-0

[Event "O Pohár mìsta Øíèany 2015 - OPEN A"]
[Site "Øíèany"]
[Date "2015.08.26"]
[Round "6.5"]
[White "Hollan, Martin"]
[Black "Hollan, Petr"]
[Result "0-1"]
[WhiteElo "2180"]
[BlackElo "2070"]
[PlyCount "0"]
[EventDate "2015.08.22"]

1. d4 d5 2. Bg5 Nf6 3. Bxf6 exf6 4. e3 Bd6 5. c4 dxc4 6. Bxc4 O-O 7. Nc3 a6
8. Nf3 c5 9. Qc2 Nc6 10. Rd1 cxd4 11. Nxd4 Ne5 12. Qe2 Nxc4 13. Qxc4 Qc7 14. Qb3
b5 15. h3 Bb7 16. O-O Rac8 17. Nd5 Bxd5 18. Qxd5 Rfd8 19. Qb3 g6 20. Rd3 Qc5
21. Rfd1 Bb8 22. Nf3 Rxd3 23. Qxd3 Bc7 24. Qe2 Bb6 25. Nd4 {dale necitelne} 0-1

[Event "O Pohár mìsta Øíèany 2015 - OPEN A"]
[Site "Øíèany"]
[Date "2015.08.26"]
[Round "6.6"]
[White "Gregor, Jiri"]
[Black "Kubikova, Hana"]
[Result "1-0"]
[WhiteElo "2242"]
[BlackElo "2107"]
[PlyCount "0"]
[EventDate "2015.08.22"]

1. d4 d5 2. c4 e6 3. Nc3 Nf6 4. Nf3 c6 5. Bg5 Nbd7 6. e3 Qa5 7. cxd5 Nxd5
8. Qd2 Bb4 9. Rc1 h6 10. Bh4 O-O 11. Bd3 Nxc3 12. bxc3 Bd6 13. O-O e5 14. Bb1
Re8 15. Qc2 e4 16. Nd2 Qh5 17. Nxe4 Bxh2+ 18. Kxh2 Qxh4+ 19. Kg1 Nf8 20. Nd2 Be6
21. f4 f5 22. Nf3 Qg3 23. Rfe1 Nd7 24. Ne5 Nf6 25. Qe2 Ng4 26. Nxg4 Qxg4
27. Qxg4 fxg4 28. e4 g6 29. Kf2 Kf7 {Dál nelze rozluštit oba zápisy} 1-0

[Event "O Pohár mìsta Øíèany 2015 - OPEN A"]
[Site "Øíèany"]
[Date "2015.08.26"]
[Round "6.7"]
[White "Rut, Vojtech"]
[Black "Marikova, Jana"]
[Result "1-0"]
[WhiteElo "2090"]
[BlackElo "2148"]
[PlyCount "0"]
[EventDate "2015.08.22"]

1. d4 c5 2. d5 Nf6 3. Nc3 e6 4. e4 d6 5. Bb5+ Bd7 6. a4 a6 7. Bd3 exd5 8. exd5
Be7 9. h3 O-O 10. Nf3 Re8 11. O-O Qc8 12. Nd2 Bf5 13. Nc4 Bxd3 14. Qxd3 Nbd7
15. Bf4 Qc7 16. Rfe1 Nf8 17. Rxe7 Rxe7 18. Bxd6 Qd8 19. Bxc5 N8d7 20. Bd4 b5
21. Ne3 b4 22. Ne2 a5 23. c4 bxc3 24. bxc3 Qc7 25. c4 Rb8 26. Nc3 Nc5 27. Bxc5
Qxc5 28. Nb5 Re4 29. Rd1 Rbe8 30. Qa3 Qxa3 31. Nxa3 Nd7 32. Nb5 Rb8 33. d6 Nc5
34. Nd5 1-0

[Event "O Pohár mìsta Øíèany 2015 - OPEN A"]
[Site "Øíèany"]
[Date "2015.08.26"]
[Round "6.8"]
[White "Jelinek, Michal"]
[Black "Franek, Jan"]
[Result "0-1"]
[WhiteElo "2178"]
[BlackElo "1914"]
[PlyCount "0"]
[EventDate "2015.08.22"]

1. d4 Nf6 2. c4 g6 3. Nc3 Bg7 4. e4 d6 5. Nf3 O-O 6. Be2 e5 7. O-O Nc6 8. d5
Ne7 9. Ne1 Nd7 10. Nd3 f5 11. Bd2 fxe4 12. Nxe4 Nf6 13. f3 c6 14. Qb3 Nf5
15. Bc3 cxd5 16. cxd5 Ne3 17. Nxf6+ Bxf6 18. Rfe1 Bh4 19. Nf2 Qg5 20. Bf1 Rxf3
21. Re2 Bxf2+ 22. Rxf2 Rxf2 23. Kxf2 Ng4+ 24. Ke1 Qe3+ 25. Be2 Qg1+ 26. Kd2 Qxa1
27. Qa4 Nf6 0-1

[Event "O Pohár mìsta Øíèany 2015 - OPEN A"]
[Site "Øíèany"]
[Date "2015.08.26"]
[Round "6.9"]
[White "Kotyk, Vaclav"]
[Black "Tejkal, Jiri"]
[Result "1-0"]
[WhiteElo "2160"]
[BlackElo "1909"]
[PlyCount "0"]
[EventDate "2015.08.22"]

1. d4 d5 2. c4 c6 3. Nf3 Nf6 4. Nc3 a6 5. g3 b5 6. c5 g6 7. Bg2 Bg7 8. O-O O-O
9. Bf4 Nbd7 10. Ne5 Bb7 11. Bf3 e6 12. Qd2 Re8 13. b4 Nxe5 14. Bxe5 Nd7 15. Bxg7
Kxg7 16. e3 f5 17. a4 Qe7 18. Be2 e5 19. axb5 axb5 20. Nxb5 Nf6 21. Nd6 Reb8
22. b5 Ne4 23. Nxe4 fxe4 24. b6 Qf6 25. Rfb1 Rxa1 26. Rxa1 Rf8 27. Bf1 Rf7
28. dxe5 Qf5 29. Ba6 Kh6 30. f4 g5 31. Bxb7 Rxb7 32. Kh1 Qh3 33. Qg2 Qg4 34. h3
Qe6 35. Rf1 Qe7 36. Qc2 gxf4 37. gxf4 Qh4 38. Qf2 Qh5 39. Rg1 Rg7 40. Rxg7 Kxg7
41. Qg2+ Kf8 42. Qg4 Qf7 43. Qc8+ 1-0

[Event "O Pohár mìsta Øíèany 2015 - OPEN A"]
[Site "Øíèany"]
[Date "2015.08.26"]
[Round "6.10"]
[White "Hrdina, Robin"]
[Black "Mladek, Richard"]
[Result "1-0"]
[WhiteElo "2144"]
[BlackElo "1960"]
[PlyCount "0"]
[EventDate "2015.08.22"]

1. b3 Nf6 2. Bb2 e6 3. e3 d5 4. d4 c6 5. Bd3 Nbd7 6. Nf3 Bd6 7. O-O O-O 8. c4
Re8 9. Ne5 Qc7 10. f4 c5 11. Nc3 a6 12. Kh1 b6 13. cxd5 cxd4 14. Nxd7 dxc3
15. Nxf6+ gxf6 16. Rc1 {dále neèitelné} 1-0